000 01060nam a2200241Ia 4500
999 _c50658
_d50658
001 17609
003 GE_BSU
005 20200220122450.0
008 181216s2013ge xx |||||||||||||| ||geo||
020 _a 978-9941-9301-3-3
040 _cGE_BSU
041 _ageo
080 _a339.13(075.8) ს-86
245 _aსტრატეგიული მარკეტინგის საფუძვლები :
_bსახელმძღვანელო /
_cშემდგ. ვაჟა ანანიძე ; რედ. მ. კობალავა.
264 _aთბილისი :
_bემ-პი-ჯი,
_c2013.
300 _a216 გვ.:
_c20 სმ.
504 _aბიბლიოგრ.: გვ. 216
653 _aეკონომიკა
653 _aმარკეტინგი - სახელმძღვანელოები
700 _aანანიძე, ვაჟა
_eშმდგენელი
_97233
700 _a კობალავა, მ
_eრედაქტორი
_97234
942 _cBK
_2udc